000 00629nmm a2200241 a 4500
003 AR-Y00000XR
005 20251128211649.0
008 067020s2001 ||||||||||||||000 | spa||
020 _a0-201-36397-6
040 _cAR-Y00000XR
100 1 _aCharles, Randall I.
245 1 0 _aMath
_n5
250 _aMillenium ed.
260 _a[Glenview, IL?]
_bScott Foresman
_bAddison Wesley
_c2001
300 0 _a594 p.
_bil.
650 4 _aENSENANZA DE LAS MATEMATICAS
650 4 _aINGLES
650 4 _aLIBROS DE TEXTO
650 4 _aACTIVIDADES DE LA CLASE
653 0 _aPROBLEMAS [MATEMATICA]
942 _cBK
998 _cmi-desc
999 _c20622
_d20622